000 00293nam a2200121Ia 4500
008 240731s9999 xx 000 0 und d
022 _a1752-2706
245 0 _aSurvey Review
260 _bTaylor & Francis
856 _uhttps://www.tandfonline.com/loi/ysre20
942 _2ddc
942 _cTFEJ
999 _c79621
_d79621
945 _a1
_bMadushi Gamage
_c1
_dMadushi Gamage